[Event "Bastiais Master 5th"]
[Site "Bastia"]
[Date "2007.03.??"]
[Round "?"]
[White "Geronimi, Vital"]
[Black "Rogliano, Louis"]
[Result "0-1"]
[WhiteElo "1710"]
[BlackElo "1640"]
[PlyCount "62"]
[EventDate "2007.03.??"]
[EventType "swiss"]
[EventRounds "9"]
[EventCountry "FRA"]
[SourceTitle "CBM 117 Extra"]
[Source "ChessBase"]
[SourceDate "2007.05.09"]
[SourceVersion "1"]
[SourceVersionDate "2007.05.09"]
[SourceQuality "1"]

1. e4 d6 2. d4 Nf6 3. Nc3 g6 4. Be3 Bg7 5. Be2 0-0 6. Qd2 Nc6 7. Bh6 e5 8. Bxg7 Kxg7 9. Nf3 a6 10. 0-0-0 b5 11. dxe5 dxe5 12. Qe3 Qe7 13. h3 Bb7 14. g4 Na5 15. g5 Nh5 16. Nd2 Qe6 17. Bxh5 gxh5 18. Qf3 Kg6 19. Nd5 Bxd5 20. exd5 Qf5 21. h4 Rfd8 22. Qc3 Nb7 23. Qc6+ Nd6 24. f3 a5 25. Ne4 Rac8 26. Rde1 a4 27. Nc3 Rb8 28. Qxc7 Rbc8 29. Qb6 a3 30. Qe3 axb2+ 31. Kxb2 Nc4+ 0-1

[Event "Bastiais Master 4th"]
[Site "Bastia"]
[Date "2006.11.??"]
[Round "?"]
[White "Luciani, Thibault"]
[Black "Rogliano, Louis"]
[Result "1-0"]
[WhiteElo "1749"]
[BlackElo "1740"]
[PlyCount "33"]
[EventDate "2006.11.??"]
[EventType "swiss"]
[EventRounds "9"]
[EventCountry "FRA"]
[SourceTitle "CBM 115 Extra"]
[Source "ChessBase"]
[SourceDate "2007.01.10"]
[SourceVersion "1"]
[SourceVersionDate "2007.01.10"]
[SourceQuality "1"]

1. e4 e5 2. Nf3 Nc6 3. d4 exd4 4. Bc4 Bb4+ 5. c3 dxc3 6. Nxc3 Qf6 7. Bd2 h6 8. 0-0 Nge7 9. Re1 d6 10. Nd5 Nxd5 11. exd5+ Ne5 12. Bxb4 Bg4 13. Be2 Nxf3+ 14. Bxf3+ Be6 15. dxe6 fxe6 16. Bc3 e5 17. Bxb7 1-0

[Event "Bastiais Master 3rd"]
[Site "Bastia"]
[Date "2006.03.17"]
[Round "6"]
[White "Rogliano, Louis"]
[Black "Luciani, Thibault"]
[Result "0-1"]
[WhiteElo "1788"]
[BlackElo "1850"]
[PlyCount "84"]
[EventDate "2006.01.14"]
[EventType "swiss"]
[EventRounds "9"]
[EventCountry "FRA"]
[SourceTitle "EXT 2007"]
[Source "ChessBase"]
[SourceDate "2006.11.23"]
[SourceVersion "1"]
[SourceVersionDate "2006.11.23"]
[SourceQuality "1"]

1. e4 c5 2. Nf3 d6 3. h3 g6 4. d4 cxd4 5. Qxd4 Nf6 6. e5 dxe5 7. Qxd8+ Kxd8 8. Nxe5 Be6 9. Nc3 Bg7 10. Bf4 Nbd7 11. 0-0-0 a6 12. Na4 Ke8 13. f3 Rc8 14. b3 b5 15. Nb2 Nh5 16. Ned3 Nxf4 17. Nxf4 Bh6 18. g3 Bf5 19. Bd3 e5 20. Bxf5 gxf5 21. Rhe1 Rg8 22. Kb1 Rxg3 23. Nd5 Rxf3 24. Rd3 Rxd3 25. Nxd3 e4 26. N3f4 Bxf4 27. Nxf4 Ne5 28. Nd5 Nd7 29. Rf1 Rc5 30. Rxf5 Kf8 31. Ne3 Rxf5 32. Nxf5 Ne5 33. Kc1 Nf3 34. Kd1 Ng5 35. h4 Ne6 36. b4 Nc7 37. Ne3 Ke7 38. Kd2 Ke6 39. Kc3 Nd5+ 40. Kd4 Nxe3 41. Kxe3 f5 42. Kf4 Kd5 0-1

[Event "Bastiais Master 2nd"]
[Site "Bastia"]
[Date "2005.10.07"]
[Round "1"]
[White "Casta, Jean Philippe"]
[Black "Rogliano, Louis"]
[Result "1/2-1/2"]
[WhiteElo "1770"]
[BlackElo "1660"]
[PlyCount "82"]
[EventDate "2005.10.07"]
[EventType "swiss"]
[EventRounds "7"]
[EventCountry "FRA"]
[SourceTitle "EXT 2007"]
[Source "ChessBase"]
[SourceDate "2006.11.23"]
[SourceVersion "1"]
[SourceVersionDate "2006.11.23"]
[SourceQuality "1"]

1. e4 e6 2. d4 d5 3. exd5 exd5 4. Bd3 Nf6 5. Nc3 Bb4 6. Bd2 0-0 7. Nge2 Re8 8. 0-0 Bd6 9. Bg5 Bxh2+ 10. Kh1 Bd6 11. Nxd5 Nbd7 12. Nec3 c6 13. Nxf6+ Nxf6 14. Kg1 h6 15. Bxf6 Qxf6 16. Ne4 Rxe4 17. Bxe4 Qh4 18. Re1 Qh2+ 19. Kf1 Qh1+ 20. Ke2 Bg4+ 21. Bf3 Bxf3+ 22. gxf3 Re8+ 23. Kd3 Rxe1 24. Qxe1 Qxf3+ 25. Qe3 Qf5+ 26. Kc3 a5 27. a3 b5 28. Qe8+ Kh7 29. Qxc6 Qh3+ 30. Kd2 Bf4+ 31. Ke2 Qg4+ 32. Qf3 Qe6+ 33. Kd1 Bg5 34. Qd3+ g6 35. Qxb5 Qg4+ 36. Ke1 Qe4+ 37. Qe2 Qh1+ 38. Qf1 Qe4+ 39. Qe2 Qh1+ 40. Qf1 Qe4+ 41. Qe2 Qh1+ 1/2-1/2

[Event "Bastiais Master"]
[Site "Bastia"]
[Date "2003.??.??"]
[Round "?"]
[White "Geronimi, Didier"]
[Black "Rogliano, Louis"]
[Result "0-1"]
[WhiteElo "1499"]
[BlackElo "1499"]
[PlyCount "50"]
[EventDate "2003.??.??"]
[EventType "swiss"]
[EventRounds "7"]
[EventCountry "FRA"]
[SourceTitle "EXT 2007"]
[Source "ChessBase"]
[SourceDate "2006.11.23"]
[SourceVersion "1"]
[SourceVersionDate "2006.11.23"]
[SourceQuality "1"]

1. e4 c5 2. Nc3 d6 3. d3 Nf6 4. Bf4 Nc6 5. a3 e6 6. Bg5 Be7 7. Nf3 Qa5 8. d4 cxd4 9. Nxd4 Qxg5 10. g3 0-0 11. Bb5 Nxd4 12. Qxd4 a6 13. Be2 Bd7 14. 0-0 e5 15. Qe3 Qxe3 16. fxe3 Bc6 17. Bf3 Bd8 18. Rad1 Bc7 19. g4 g5 20. h4 h6 21. hxg5 hxg5 22. Rf2 Kg7 23. Nd5 Bxd5 24. exd5 e4 25. Bg2 Nxg4 0-1